000 01264nam a2200229Ia 4500
003 Ost
005 20260507075536.0
008 260507s9999||||xx |||||||||||||| ||und||
020 _a9772121204
040 _cfsecg
041 _aara
082 _a330
100 _aعبد الرحيم، محمد ابراهيم
_eمؤلف
245 0 _aمبادئ علم الاقتصاد /
_c محمد ابراهيم عبد الرحيم
260 _aالاسكندرية:
_bمؤسسة شباب الجامعة,
_c2008
300 _a251 صفحة؛
_bإيضاحات ؛
_c24 سم
504 _aبيبليوغرافيا: ص.249
520 _aيضم طبيعة المشكلة الإقتصادية وتعريف علم الإقتصاد، الإقتصاد الجزئي الذي يضم الطلب والعرض، توازن السوق والمؤونات، تحديد الثمن، التدخل في تحديد الإئتمان، نظرية التوزيع، نظرية المنفعة الحدية والإقتصاد الكلي بما فيه قياس الدخل القومي ونموذج التدفق الدائري، فشل السوق وفشل الحكومي، التوازن والمضاعف
653 _aالإقتصاد
653 _aالإقتصاد- علم
942 _cكتاب
999 _c44841
_d44841